000
00308nam a22001337a 4500
008
181012b xxu||||| |||| 00| 0 eng d
020
_a
9780534370923
041
_a
eng
080
_a
311
100
_a
55
101
_a
STA
245
_a
Introduction to Statistics and Data Analysis
_c
Peck
942
_2
udc
_c
BK
999
_c
49526
_d
49526